banner-ar

الخطاب التاريخ للعقيد معمر القذافى رئيس مجلس قيادة الثورة فى احتفالات مدينة زواره بعيد ميلاد النبى العظيم محمد عليه الصلاة والسلام (هدية من الاديب عبدالفتاح الجمل) / (Record no. 49478)

MARC details
000 -الفاتح
حقل البيانات ثابتة الطول 00877nam a2200205Ia 4500
008 - عناصر البيانات ثابتة الطول - معلومات عامة
حقل البيانات ثابتة الطول 140319s9999 xx 000 0 ara d
040 ## - مصدر الفهرسة
وكالة الفهرسة الأصلية GCL /
وكالة النسخ GCL
082 04 - رقم تصنيف ديوى العشرى
رقم التصنيف 808.85
رقم المادة م خ
100 1# - المدخل الرئيسى - إسم شخصى
الإسم الشخصى معمر القذافى
245 10 - بيان العنوان
العنوان الخطاب التاريخ للعقيد معمر القذافى رئيس مجلس قيادة الثورة فى احتفالات مدينة زواره بعيد ميلاد النبى العظيم محمد عليه الصلاة والسلام (هدية من الاديب عبدالفتاح الجمل) /
بيان المسئوليه,etc معمر القذافى
300 ## - الوصف المادى
التعداد 47 ص
490 ## - بيان السلسلة
عنوان السلسلة الهيئة العامة للاستعلامات
رقم المجلد/ التعيين التسلسلي 0
650 04 - المدخل الاضافى بالموضوع-مصطلح موضوعى
مصطلح موضوعي ليبيا
650 04 - المدخل الاضافى بالموضوع-مصطلح موضوعى
مصطلح موضوعي معمر القذافى
650 04 - المدخل الاضافى بالموضوع-مصطلح موضوعى
مصطلح موضوعي الاحتفالات الدينية
650 04 - المدخل الاضافى بالموضوع-مصطلح موضوعى
مصطلح موضوعي الخطب السياسية
942 ## - عناصر المدخل الإضافي( كوها)
مصدر التصنيف او مخطط الترفيف Dewey Decimal Classification
Koha [default] item type كتاب
260 ## - PUBLICATION, DISTRIBUTION, ETC. (IMPRINT)
-- [S.N] :
-- E.M.M.E
Holdings
حالة التراجع حالة الفقد حالة تلف ليس للاعارة المكان المؤقت الموقع الحالى تاريخ الاكتساب اجمالي اﻻعارات رقم الطلب الباركود تاريخ اخر مشاهدة تاريخ تفعيل السعر نوع وعاء كوها
        مكتبة القاهرة الكبرى مكتبة القاهرة الكبرى 03/26/2014   808.85\م خ 118871 03/26/2014 03/26/2014 كتاب

Powered By

EGPV